[Event "89th GER-ch"]
[Site "Dresden"]
[Date "2018.08.11"]
[Round "9.4"]
[White "Mueller, Nick"]
[Black "Armbrust, Florian"]
[Result "1/2-1/2"]
[WhiteElo "2313"]
[BlackElo "2300"]
[Annotator "NA"]
[PlyCount "67"]
[EventDate "2018.08.03"]
[EventType "swiss"]
[EventCountry "GER"]
[SourceTitle "playchess.com"]
[Source "ChessBase"]
[SourceQuality "1"]
[TimeControl "40/5400+30:1800+30"]

1. d4 {[%emt 1:30:28]} Nf6 {[%emt 1:30:25]} 2. c4 {[%emt 1:30:52]} g6 {[%emt 1:30:51]} 3. Nc3 {[%emt 1:31:14]} Bg7 {[%emt 1:31:17]} 4. e4 {[%emt 1:31:32]} d6 {[%emt 1:31:42]} 5. Nf3 {[%emt 1:31:50]} O-O {[%emt 1:32:05]} 6. Be2 {[%emt 1:32:15]} e5 {[%emt 1:32:30]} 7. Be3 {[%emt 1:32:35]} exd4 8. Nxd4 Re8 9. f3 c6 10. Bf2 d5 11. exd5 cxd5 12. O-O Nc6 13. c5 Nxd4 14. Bxd4 Be6 15. Qd2 Nd7 16. Rfd1 Ne5 17. Rac1 Qh4 18. Bf2 Qb4 19. Nxd5 Qxd2 20. Rxd2 Rad8 21. Rcd1 Rxd5 22. Rxd5 Bxd5 23. Rxd5 Nc6 24. Bb5 Bxb2 25. Rd7 a6 26. Ba4 Rb8 27. f4 Nd8 28. g4 Rc8 29. Bb3 Bf6 30. Bd5 Kf8 31. Bb3 Be7 32. f5 Rc6 33. Bd4 Ke8 34. Rd5 {Rh6 Kg2 Nc6 Be3 Rh4 Kg3 Re4 Kf3 Rh4 Kg3} 1/2-1/2